[Event "Torneo A"]
[Site "Formia ITA"]
[Date "1995.07.??"]
[Round "?"]
[White "Efimov, Igor"]
[Black "Klinova, Masha"]
[Result "1/2-1/2"]
[WhiteElo "2450"]
[BlackElo "2265"]
[PlyCount "98"]
[EventDate "1995.07.20"]

1. d4 d6 2. e4 Nf6 3. Bd3 e5 4. d5 Be7 5. c4 O-O 6. Nc3 Ne8 7. Nge2 a5 8. O-O
Bg5 9. a3 Na6 10. b4 g6 11. Rb1 axb4 12. axb4 Ng7 13. Bxg5 Qxg5 14. Qc1 Qe7 15.
Qe3 f5 16. f3 f4 17. Qf2 Bd7 18. Rfc1 g5 19. c5 g4 20. c6 bxc6 21. dxc6 Be6 22.
Nd5 Bxd5 23. exd5 Rfb8 24. Qe1 gxf3 25. gxf3 Qg5+ 26. Kh1 Qh5 27. Be4 Nf5 28.
Qg1+ Kf7 29. Qg4 Qxg4 30. fxg4 Ne3 31. b5 Nc5 32. Rxc5 dxc5 33. d6 cxd6 34. c7
d5 35. cxb8=Q Rxb8 36. Bg2 c4 37. b6 d4 38. Be4 Nxg4 39. Bd5+ Ke7 40. Bxc4 Kd6
41. b7 Nf6 42. Ng1 e4 43. Ne2 f3 44. Nxd4 Kc5 45. Nxf3 Kxc4 46. Ne5+ Kd5 47.
Rb5+ Kd6 48. Nc4+ Kc7 49. Na5 Nd7 1/2-1/2

[Event "Torneo A"]
[Site "Formia ITA"]
[Date "1995.07.??"]
[Round "?"]
[White "Efimov, Igor"]
[Black "Kovacevic, Blazimir"]
[Result "1-0"]
[WhiteElo "2450"]
[BlackElo "2340"]
[PlyCount "51"]
[EventDate "1995.07.20"]

1. d4 e6 2. c4 f5 3. g3 Nf6 4. Bg2 c6 5. Nd2 d5 6. Nh3 Bd6 7. Qc2 O-O 8. O-O
Bd7 9. Nf3 Ne4 10. Ne5 Be8 11. Nd3 Nd7 12. f3 Nef6 13. Bf4 Qe7 14. c5 Bb8 15.
Qc3 h6 16. Qb4 e5 17. Qxb7 exf4 18. gxf4 Bxf4 19. Nhxf4 Qe3+ 20. Kh1 Bf7 21.
Qxc6 g5 22. Qd6 Kg7 23. Bh3 Qxd4 24. Bxf5 Nxc5 25. e3 Qxe3 26. Ng2 1-0

[Event "Torneo A"]
[Site "Formia ITA"]
[Date "1995.07.??"]
[Round "?"]
[White "Efimov, Igor"]
[Black "Lanzani, Mario"]
[Result "1-0"]
[WhiteElo "2450"]
[BlackElo "2330"]
[PlyCount "81"]
[EventDate "1995.07.20"]

1. c4 e6 2. Nc3 d5 3. d4 Be7 4. Bf4 Nf6 5. e3 O-O 6. Nf3 c5 7. dxc5 Bxc5 8. Be2
dxc4 9. Bxc4 a6 10. Bd3 b5 11. a4 bxa4 12. O-O Bb7 13. Nxa4 Bb4 14. Rc1 Nc6 15.
Nc5 Bxc5 16. Rxc5 Qb6 17. Rc3 Rac8 18. Rb3 Qa7 19. Qc2 a5 20. Ra1 Nd5 21. Bg3
Ndb4 22. Bd6 Nxd3 23. Qxd3 Ba6 24. Qe4 Rfd8 25. Ng5 Rxd6 26. Qxh7+ Kf8 27. Qh8+
Ke7 28. Qxg7 Rf8 29. h4 Qc5 30. Ne4 Qd5 31. Qf6+ Kd7 32. Nxd6 Qxb3 33. Ne4 Qd5
34. Qf4 f5 35. Nc3 Qc4 36. Qg5 Kc8 37. Qg7 Qc5 38. Na4 Qe7 39. Qxe7 Nxe7 40.
Nc5 Bc4 41. Rc1 1-0

[Event "Torneo A"]
[Site "Formia ITA"]
[Date "1995.07.??"]
[Round "?"]
[White "Fiore, Mario"]
[Black "Arlandi, Ennio"]
[Result "0-1"]
[WhiteElo "2340"]
[BlackElo "2455"]
[PlyCount "65"]
[EventDate "1995.07.20"]

1. e4 c6 2. d4 d5 3. e5 Bf5 4. Nc3 e6 5. g4 Bg6 6. Nge2 f6 7. Nf4 fxe5 8. Nxg6
hxg6 9. dxe5 Nd7 10. Bf4 Bb4 11. Bd3 Ne7 12. O-O Qc7 13. a3 Bxc3 14. bxc3 O-O-O
15. Bg3 Nc5 16. f4 Na4 17. Qe1 c5 18. Rb1 c4 19. Be2 Rdf8 20. Rf3 Rf7 21. Rb4
Nc5 22. Bf2 Rhf8 23. Qc1 b6 24. Bd4 g5 25. f5 exf5 26. Qxg5 f4 27. Qh4 Ne6 28.
Qe1 Nc6 29. Rb5 Ncxd4 30. cxd4 Qd7 31. Rb4 Nxd4 32. Rc3 f3 33. Bxc4 0-1

[Event "Torneo A"]
[Site "Formia ITA"]
[Date "1995.07.??"]
[Round "?"]
[White "Fiore, Mario"]
[Black "Bellia, Fabrizio"]
[Result "0-1"]
[WhiteElo "2340"]
[BlackElo "2300"]
[PlyCount "92"]
[EventDate "1995.07.20"]

1. e4 e5 2. Bc4 Nf6 3. d3 c6 4. Nf3 d5 5. Bb3 Bd6 6. Nc3 Be6 7. O-O h6 8. exd5
cxd5 9. Nb5 Nc6 10. Nxd6+ Qxd6 11. Re1 Nd7 12. Ba4 f6 13. d4 e4 14. Nd2 f5 15.
Qh5+ Kf8 16. Bxc6 Nf6 17. Qg6 Qxc6 18. Nb3 b6 19. Bf4 Qe8 20. Qxe8+ Rxe8 21. a4
a5 22. Nd2 Rc8 23. c3 Kf7 24. Nf1 Bd7 25. Ne3 Be6 26. Be5 g5 27. g3 Rhg8 28.
Kf1 Nd7 29. Red1 Nxe5 30. dxe5 Rcd8 31. Rd2 f4 32. Nc2 Rde8 33. Re1 Bh3+ 34.
Kg1 Rxe5 35. c4 dxc4 36. Rd4 Rc8 37. Rdxe4 Rxe4 38. Rxe4 c3 39. bxc3 Rxc3 40.
Ne1 f3 41. Re3 Rxe3 42. fxe3 Bd7 43. Nxf3 Bxa4 44. Ne5+ Ke6 45. Nc4 Bb3 46.
Nxb6 a4 0-1

[Event "Torneo A"]
[Site "Formia ITA"]
[Date "1995.07.??"]
[Round "?"]
[White "Fiore, Mario"]
[Black "De Santis, Alessio"]
[Result "1/2-1/2"]
[WhiteElo "2340"]
[BlackElo "2260"]
[PlyCount "47"]
[EventDate "1995.07.20"]

1. e4 d6 2. d4 Nf6 3. Bd3 e5 4. c3 Be7 5. Nf3 Nbd7 6. Nbd2 c6 7. O-O O-O 8. Re1
Re8 9. Nf1 Qc7 10. Ng3 a6 11. a4 b6 12. Nf5 Bf8 13. dxe5 dxe5 14. Bc4 h6 15.
N3h4 Nc5 16. Qf3 Be6 17. Bxe6 Rxe6 18. b4 Nb3 19. Rb1 Nxc1 20. Rbxc1 g5 21. Qg3
Kh8 22. Nf3 Nh5 23. Qg4 Nf6 24. Qg3 1/2-1/2

[Event "Torneo A"]
[Site "Formia ITA"]
[Date "1995.07.??"]
[Round "?"]
[White "Fiore, Mario"]
[Black "Tatai, Stefano"]
[Result "1-0"]
[WhiteElo "2340"]
[BlackElo "2435"]
[PlyCount "93"]
[EventDate "1995.07.20"]

1. e4 c5 2. Nc3 Nc6 3. f4 e6 4. Nf3 d5 5. Bb5 Nge7 6. Ne5 Bd7 7. exd5 Nxe5 8.
fxe5 Bxb5 9. Nxb5 Nxd5 10. O-O Be7 11. Qg4 g6 12. d3 Qd7 13. Nc3 Nxc3 14. bxc3
h5 15. Qg3 h4 16. Qf3 Rh7 17. Rb1 O-O-O 18. c4 Rh5 19. Bb2 Rf5 20. Qe4 Qa4 21.
Bc3 Rd7 22. Qe2 Qc6 23. Rxf5 gxf5 24. h3 Rd8 25. a4 Rg8 26. a5 Bd8 27. Rf1 a6
28. Qf3 Qc7 29. Qh5 Rg5 30. Qe2 Qc6 31. Qf3 Qc7 32. Qe2 Rg6 33. Rb1 Qd7 34. Re1
Qc6 35. Rf1 Qe8 36. Qf3 Rg3 37. Qe2 Bg5 38. Rf3 Qa4 39. Rf1 Be3+ 40. Kh1 Qc6
41. Kh2 Qc7 42. Qh5 Qc6 43. Qe2 f4 44. Be1 Rg5 45. Bxh4 Rxe5 46. Qg4 Rf5 47.
Qg8+ 1-0

[Event "Torneo A"]
[Site "Formia ITA"]
[Date "1995.07.??"]
[Round "?"]
[White "Godena, Michele"]
[Black "Arlandi, Ennio"]
[Result "1/2-1/2"]
[WhiteElo "2420"]
[BlackElo "2455"]
[PlyCount "35"]
[EventDate "1995.07.20"]

1. e4 c6 2. d4 d5 3. Nc3 dxe4 4. Nxe4 Nd7 5. Nf3 Ngf6 6. Nxf6+ Nxf6 7. c3 Qc7
8. Ne5 e6 9. Bf4 Bd6 10. Be2 Nd7 11. Nxd7 Bxf4 12. Ne5 O-O 13. Nd3 Bd6 14. g3
e5 15. dxe5 Bxe5 16. Nxe5 Qxe5 17. O-O Bh3 18. Re1 1/2-1/2

[Event "Torneo A"]
[Site "Formia ITA"]
[Date "1995.07.??"]
[Round "?"]
[White "Godena, Michele"]
[Black "Martorelli, Antonio"]
[Result "1-0"]
[WhiteElo "2420"]
[BlackElo "2320"]
[PlyCount "61"]
[EventDate "1995.07.20"]

1. e4 c5 2. Nf3 e6 3. c3 Nf6 4. e5 Nd5 5. d4 cxd4 6. cxd4 b6 7. Bd3 d6 8. O-O
Nd7 9. Re1 Bb7 10. Bd2 Be7 11. Nc3 Nb4 12. Be4 Bxe4 13. Rxe4 O-O 14. a3 Nc6 15.
Qe2 Rc8 16. Rd1 Kh8 17. Rg4 Qc7 18. exd6 Bxd6 19. d5 Nf6 20. Rh4 exd5 21. Bg5
Ne5 22. Bxf6 gxf6 23. Nxe5 fxe5 24. Qh5 f6 25. Nb5 Qc2 26. Nxd6 Rc7 27. Rf1
Qxb2 28. Qh6 Rg7 29. Rg4 Rxg4 30. Qxf8+ Rg8 31. Nf7# 1-0

[Event "Torneo A"]
[Site "Formia ITA"]
[Date "1995.07.??"]
[Round "?"]
[White "Godena, Michele"]
[Black "Naumkin, Igor"]
[Result "1-0"]
[WhiteElo "2420"]
[BlackElo "2455"]
[PlyCount "65"]
[EventDate "1995.07.20"]

1. e4 e6 2. d4 d5 3. Nd2 c5 4. Ngf3 cxd4 5. Nxd4 Nc6 6. Bb5 Bd7 7. Nxc6 bxc6 8.
Bd3 Ne7 9. Nf3 Ng6 10. O-O Be7 11. c4 dxe4 12. Bxe4 f5 13. Bc2 O-O 14. Re1 Qc7
15. Bg5 Bxg5 16. Nxg5 Rf6 17. c5 h6 18. Nf3 e5 19. Qd2 e4 20. Rad1 exf3 21.
Qxd7 Qf4 22. Rd4 Qg5 23. g3 f4 24. Bxg6 Qxg6 25. Rd6 fxg3 26. hxg3 Qf5 27. Qxc6
Qh3 28. Qxa8+ Kh7 29. Qe4+ Rf5 30. Rxh6+ gxh6 31. Qe7+ Kg8 32. Qe6+ Kg7 33.
Qd7+ 1-0

[Event "Torneo A"]
[Site "Formia ITA"]
[Date "1995.07.??"]
[Round "?"]
[White "Godena, Michele"]
[Black "Tiviakov, Sergei"]
[Result "1/2-1/2"]
[WhiteElo "2420"]
[BlackElo "2655"]
[PlyCount "46"]
[EventDate "1995.07.20"]

1. e4 c5 2. c3 d5 3. exd5 Qxd5 4. d4 Nc6 5. Nf3 Nf6 6. Be2 cxd4 7. cxd4 e6 8.
O-O Be7 9. Nc3 Qd6 10. Nb5 Qd8 11. Bf4 Nd5 12. Bg3 a6 13. Nc3 Nf6 14. a3 O-O
15. Rc1 b6 16. d5 exd5 17. Nxd5 Qxd5 18. Qxd5 Nxd5 19. Rxc6 Bb7 20. Rc2 Bf6 21.
Ne5 Rac8 22. Rfc1 Rxc2 23. Rxc2 Re8 1/2-1/2

[Event "Torneo A"]
[Site "Formia ITA"]
[Date "1995.07.??"]
[Round "?"]
[White "Grosar, Aljosa"]
[Black "Fiore, Mario"]
[Result "1-0"]
[WhiteElo "2485"]
[BlackElo "2340"]
[PlyCount "107"]
[EventDate "1995.07.20"]

1. e4 e5 2. Nf3 Nf6 3. Nxe5 d6 4. Nf3 Nxe4 5. d4 d5 6. Bd3 Nc6 7. O-O Be7 8. c4
Nb4 9. cxd5 Nxd3 10. Qxd3 Qxd5 11. Re1 Bf5 12. Nc3 Nxc3 13. Qxc3 Be6 14. Re5
Qc6 15. Qe1 O-O-O 16. Bg5 Bxg5 17. Nxg5 Rxd4 18. Nxe6 fxe6 19. Rxe6 Qd5 20. Re7
Rd8 21. Rxg7 Rd1 22. Rxd1 Qxd1 23. Re7 Rd2 24. h4 Qxe1+ 25. Rxe1 Rxb2 26. Re8+
Kd7 27. Rh8 Rxa2 28. Rxh7+ Kc6 29. g4 b5 30. Rh8 Ra4 31. f3 Rf4 32. Kf2 b4 33.
Rb8 a5 34. h5 Rf7 35. h6 Kc5 36. g5 Rh7 37. Ke2 Kc4 38. g6 Rxh6 39. g7 Rg6 40.
g8=Q+ Rxg8 41. Rxg8 a4 42. Ra8 a3 43. Kd2 Kb3 44. f4 Ka2 45. f5 b3 46. f6 b2
47. Rb8 b1=Q 48. Rxb1 Kxb1 49. f7 a2 50. f8=Q a1=Q 51. Qf5+ Ka2 52. Qd5+ Kb1
53. Qe4+ Ka2 54. Qa4+ 1-0

[Event "Torneo A"]
[Site "Formia ITA"]
[Date "1995.07.??"]
[Round "?"]
[White "Grosar, Aljosa"]
[Black "Marinelli, Tullio"]
[Result "1-0"]
[WhiteElo "2485"]
[BlackElo "2440"]
[PlyCount "65"]
[EventDate "1995.07.20"]

1. e4 c5 2. c3 d6 3. d4 Nf6 4. Bd3 g6 5. Nf3 Bg7 6. h3 O-O 7. Qe2 cxd4 8. cxd4
e5 9. dxe5 dxe5 10. O-O Nc6 11. Rd1 Qe7 12. Bc4 Be6 13. Nc3 Qc5 14. Bxe6 fxe6
15. Be3 Qe7 16. Qb5 a6 17. Qb6 Rfc8 18. Bc5 Qe8 19. Bd6 Nd7 20. Qxb7 Nd4 21.
Nxd4 exd4 22. Ne2 e5 23. Rac1 h6 24. Rxc8 Rxc8 25. Nc1 Kh7 26. Nd3 Rc2 27. Qxa6
Qe6 28. Qa4 Rc8 29. Bb4 Nb6 30. Qb5 Nd7 31. Rc1 Rb8 32. Qc6 Qe8 33. a4 1-0

[Event "Torneo A"]
[Site "Formia ITA"]
[Date "1995.07.??"]
[Round "?"]
[White "Grosar, Aljosa"]
[Black "Ortega, Lexy"]
[Result "1-0"]
[WhiteElo "2485"]
[BlackElo "2440"]
[PlyCount "175"]
[EventDate "1995.07.20"]

1. e4 c5 2. Ne2 d6 3. Nbc3 e6 4. g3 a6 5. Bg2 Nc6 6. O-O Nf6 7. h3 Be7 8. d3
Qc7 9. a4 Rb8 10. Be3 b6 11. g4 h6 12. Ng3 Bb7 13. f4 Nd4 14. Nce2 Nxe2+ 15.
Qxe2 Bc6 16. g5 hxg5 17. fxg5 Nd7 18. Nh5 Bf8 19. g6 fxg6 20. Nf4 Ne5 21. Nxe6
Qc8 22. Nxf8 Rxf8 23. Rxf8+ Kxf8 24. c3 Qe8 25. d4 Nf7 26. Qg4 Rb7 27. Qxg6 Re7
28. Rf1 Kg8 29. Rf4 Re6 30. Qg4 Bxa4 31. Qg3 Bd7 32. Rg4 Qf8 33. Rh4 Qe7 34.
Rg4 Qf8 35. Bf1 Bb5 36. Bxb5 axb5 37. Qg2 b4 38. cxb4 cxd4 39. Bxd4 Ne5 40. Rg3
b5 41. Bc3 Qf7 42. Qe2 Rg6 43. Bxe5 dxe5 44. Rxg6 Qxg6+ 45. Kf2 Qf7+ 46. Ke1
Qe7 47. Qxb5 Qh4+ 48. Kd2 Qxe4 49. Qe8+ Kh7 50. Qh5+ Kg8 51. Qg4 Qd5+ 52. Kc3
e4 53. Qe2 Qe5+ 54. Kc4 Kf7 55. Qe3 Qe6+ 56. Kd4 Qb6+ 57. Kxe4 Qxb4+ 58. Qd4
Qe1+ 59. Kf3 Qf1+ 60. Kg3 Qb5 61. b4 Kg8 62. h4 Qf1 63. Qd5+ Kh8 64. b5 Qg1+
65. Kh3 Qf1+ 66. Kg4 Qg1+ 67. Kf5 Qf2+ 68. Ke6 Qxh4 69. Kd7 Qg4+ 70. Kd8 Qb4
71. Kc7 Qe7+ 72. Kc8 Kh7 73. Qf5+ Kh8 74. b6 Qe8+ 75. Kc7 Qe7+ 76. Qd7 Qe5+ 77.
Qd6 Qc3+ 78. Kb8 Qc4 79. b7 Kh7 80. Qh2+ Kg6 81. Qc7 Qg8+ 82. Qc8 Qd5 83. Qc2+
Kg5 84. Kc7 Qe5+ 85. Kb6 Kh6 86. Qc5 Qf4 87. Kc6 Kh7 88. Qh5+ 1-0

[Event "Torneo A"]
[Site "Formia ITA"]
[Date "1995.07.??"]
[Round "?"]
[White "Kadimova, Ilaha"]
[Black "Fiore, Mario"]
[Result "1/2-1/2"]
[WhiteElo "2305"]
[BlackElo "2340"]
[PlyCount "45"]
[EventDate "1995.07.20"]

1. d4 d5 2. c4 c6 3. Nc3 Nf6 4. e3 a6 5. Nf3 b5 6. b3 Bg4 7. h3 Bxf3 8. Qxf3 e6
9. Bd2 Nbd7 10. a4 b4 11. Na2 Ne4 12. Rd1 f5 13. Bd3 Ndf6 14. O-O a5 15. cxd5
cxd5 16. Bb5+ Kf7 17. Qe2 Bd6 18. Rc1 Rc8 19. Rxc8 Qxc8 20. Rc1 Qa8 21. Bc6 Qa7
22. Bb5 Qa8 23. Bc6 1/2-1/2

[Event "Torneo A"]
[Site "Formia ITA"]
[Date "1995.07.??"]
[Round "?"]
[White "Kadimova, Ilaha"]
[Black "Marinelli, Tullio"]
[Result "1-0"]
[WhiteElo "2305"]
[BlackElo "2440"]
[PlyCount "73"]
[EventDate "1995.07.20"]

1. d4 Nf6 2. c4 e6 3. Nf3 b6 4. Nc3 Bb4 5. Bg5 Bb7 6. e3 h6 7. Bh4 Bxc3+ 8.
bxc3 d6 9. Nd2 Nbd7 10. f3 Qe7 11. Bd3 e5 12. e4 Nf8 13. Bf2 Ne6 14. g3 Nd7 15.
a4 a5 16. Rb1 O-O 17. O-O g6 18. Be3 Kh7 19. Qc2 Ng7 20. f4 exf4 21. Bxf4 Nh5
22. Be3 Ndf6 23. Rbe1 Ng4 24. Bf2 Rae8 25. Re2 Bc8 26. Be1 Ngf6 27. e5 dxe5 28.
Rxe5 Qd8 29. Nf3 Ng4 30. Rxh5 Ne3 31. Qc1 Kg7 32. Ne5 gxh5 33. Qxe3 Qg5 34. Qf2
Bh3 35. Bd2 Qe7 36. Qf4 Qd6 37. Rf2 1-0

[Event "Torneo A"]
[Site "Formia ITA"]
[Date "1995.07.??"]
[Round "?"]
[White "Kadimova, Ilaha"]
[Black "Palac, Mladen"]
[Result "0-1"]
[WhiteElo "2305"]
[BlackElo "2515"]
[PlyCount "80"]
[EventDate "1995.07.20"]

1. d4 Nf6 2. c4 e6 3. Nf3 b6 4. Nc3 Bb7 5. a3 d5 6. Qa4+ c6 7. cxd5 exd5 8. Bg5
Be7 9. Bxf6 Bxf6 10. g3 O-O 11. Rd1 Re8 12. Bg2 g6 13. O-O Bg7 14. Rfe1 f5 15.
b4 a6 16. Qb3 Kh8 17. a4 b5 18. e3 Nd7 19. Re2 Nb6 20. Ra1 g5 21. Qb1 Rf8 22.
axb5 cxb5 23. Na2 f4 24. exf4 gxf4 25. g4 Bc8 26. h3 Bd7 27. Nc1 Be8 28. Nd3
Bg6 29. Qd1 Na4 30. Qd2 Be4 31. Rc1 Rc8 32. Nde5 Nb6 33. Ra1 Ra8 34. Qd1 Nc4
35. Rea2 Qd6 36. Nxc4 dxc4 37. Qd2 Qd5 38. Ra3 Rac8 39. Qd1 c3 40. Rxa6 c2 0-1

[Event "Torneo A"]
[Site "Formia ITA"]
[Date "1995.07.??"]
[Round "?"]
[White "Kadimova, Ilaha"]
[Black "Vukovic, Zdravko"]
[Result "0-1"]
[WhiteElo "2305"]
[BlackElo "2470"]
[PlyCount "70"]
[EventDate "1995.07.20"]

1. d4 d5 2. c4 e6 3. Nc3 Be7 4. Nf3 Nf6 5. Bg5 O-O 6. e3 Nbd7 7. Rc1 a6 8. Qc2
b6 9. cxd5 exd5 10. Bd3 Bb7 11. O-O Re8 12. Rfd1 h6 13. Bf4 c5 14. Ne5 c4 15.
Bf5 b5 16. f3 Nf8 17. Qf2 Nh5 18. Rd2 Bd6 19. Ne2 Nxf4 20. exf4 Re7 21. Bb1 Qb6
22. Ng3 Bc8 23. Nh5 f6 24. Ng4 Bxg4 25. fxg4 Rae8 26. Ng3 g6 27. h4 Qc7 28. Rf1
Re3 29. Re2 Bxf4 30. Qxf4 Qxf4 31. Rxf4 Rxe2 32. Nxe2 Rxe2 33. Rxf6 Rxb2 34.
Bxg6 Kg7 35. Rf7+ Kxg6 0-1

[Event "Torneo A"]
[Site "Formia ITA"]
[Date "1995.07.??"]
[Round "?"]
[White "Klinova, Masha"]
[Black "Martorelli, Antonio"]
[Result "1-0"]
[WhiteElo "2265"]
[BlackElo "2320"]
[PlyCount "101"]
[EventDate "1995.07.20"]

1. e4 c5 2. Nf3 e6 3. c4 Nc6 4. Be2 Nf6 5. Nc3 Be7 6. O-O O-O 7. d4 cxd4 8.
Nxd4 d6 9. Be3 Bd7 10. Rc1 a6 11. f4 Qb8 12. Qe1 Re8 13. Qg3 Nxd4 14. Bxd4 e5
15. Be3 b5 16. Kh1 Bc6 17. fxe5 dxe5 18. Bh6 g6 19. Nd5 Nxe4 20. Qe3 f5 21.
cxb5 Bxb5 22. Qb3 Kh8 23. Bxb5 Qxb5 24. Qxb5 axb5 25. Nc7 Bc5 26. Nxe8 Rxe8 27.
Rc2 Kg8 28. g3 Rd8 29. Kg2 Kf7 30. Re1 Rd5 31. Be3 Bd6 32. Kf3 g5 33. g4 Nf6
34. gxf5 e4+ 35. Kg2 Rxf5 36. Bd4 Nd5 37. Rxe4 Nf4+ 38. Kh1 b4 39. Be3 h5 40.
Bxf4 gxf4 41. Rf2 Ra5 42. Rd2 Be5 43. Kg2 Kf6 44. Rde2 Bc7 45. Rc4 Bd6 46. Rd4
Be5 47. Rxb4 Rxa2 48. Rb6+ Kf5 49. Kg1 Kg4 50. h3+ Kh4 51. Rxe5 1-0

[Event "Torneo A"]
[Site "Formia ITA"]
[Date "1995.07.??"]
[Round "?"]
[White "Klinova, Masha"]
[Black "Nurkic, Sahbaz"]
[Result "0-1"]
[WhiteElo "2265"]
[BlackElo "2420"]
[PlyCount "70"]
[EventDate "1995.07.20"]

1. e4 g6 2. d4 Bg7 3. Nc3 c6 4. f4 d5 5. e5 h5 6. Be3 Nh6 7. h3 Nf5 8. Bf2 h4
9. Nf3 a6 10. Bd3 e6 11. O-O Bf8 12. b3 Be7 13. Ne2 b6 14. c4 Bb7 15. Rc1 dxc4
16. Rxc4 b5 17. Rc2 Nd7 18. Be4 Nb6 19. Bxc6+ Bxc6 20. Rxc6 Nd5 21. Qb1 Kf8 22.
Nd2 Kg7 23. Ne4 Nb4 24. Rcc1 Qa5 25. N2c3 Rhd8 26. Rfd1 Qa3 27. Kh2 Rac8 28.
Nc5 Rc6 29. Nd3 Nxd3 30. Rxd3 Rdc8 31. d5 exd5 32. Rxd5 Rxc3 33. Rxc3 Rxc3 34.
e6 fxe6 35. Rd7 Kf7 0-1

[Event "Torneo A"]
[Site "Formia ITA"]
[Date "1995.07.??"]
[Round "?"]
[White "Klinova, Masha"]
[Black "Sulava, Nenad"]
[Result "0-1"]
[WhiteElo "2265"]
[BlackElo "2390"]
[PlyCount "108"]
[EventDate "1995.07.20"]

1. e4 e6 2. d3 d5 3. Nd2 c5 4. Ngf3 Nc6 5. g3 g6 6. Bg2 Bg7 7. O-O Nge7 8. Re1
a5 9. a4 b6 10. h4 h6 11. c3 Ba6 12. Nf1 Ra7 13. e5 Nf5 14. Qe2 b5 15. axb5
Bxb5 16. Ne3 Nxe3 17. Bxe3 d4 18. c4 dxe3 19. cxb5 exf2+ 20. Qxf2 Nb4 21. Qxc5
Rc7 22. Qb6 O-O 23. Red1 Nd5 24. Qf2 Rb7 25. Nd4 Qb6 26. Nc6 Ne3 27. Rd2 h5 28.
Nxa5 Ra7 29. b4 Bxe5 30. Rc1 Bd4 31. Nb3 e5 32. Nxd4 Ng4 33. Qf3 Qxd4+ 34. Kh1
Qxb4 35. Re2 Qxb5 36. Bh3 Ra3 37. Bxg4 Rxd3 38. Rxe5 Qb3 39. Qe2 hxg4 40. Qxg4
Rxg3 41. Qf4 Rd8 42. Rce1 Rh3+ 43. Kg2 Rc3 44. h5 Rd2+ 45. R1e2 Rxe2+ 46. Rxe2
Qd5+ 47. Kf2 g5 48. Qf6 Qc5+ 49. Kg2 Qc6+ 50. Qxc6 Rxc6 51. Re5 f6 52. Re7 Rc4
53. Kg3 Rh4 54. Re8+ Kf7 0-1

[Event "Torneo A"]
[Site "Formia ITA"]
[Date "1995.07.??"]
[Round "?"]
[White "Kovacevic, Blazimir"]
[Black "Borgo, Giulio"]
[Result "0-1"]
[WhiteElo "2340"]
[BlackElo "2345"]
[PlyCount "94"]
[EventDate "1995.07.20"]

1. d4 Nf6 2. Nf3 c5 3. d5 g6 4. Nc3 Bg7 5. e4 d6 6. Be2 O-O 7. O-O Na6 8. Nd2
Nc7 9. a4 a6 10. a5 Nb5 11. Nxb5 axb5 12. Bxb5 Rxa5 13. Rxa5 Qxa5 14. Qe2 Bd7
15. Bd3 b5 16. c3 c4 17. Bc2 Rc8 18. h3 Nh5 19. Nf3 b4 20. g4 Nf6 21. Qe3 h5
22. g5 Ne8 23. Nd4 bxc3 24. bxc3 Nc7 25. Bd2 Nb5 26. Nxb5 Bxb5 27. Rb1 Qa2 28.
Rc1 Ra8 29. Bd1 Ba4 30. Be2 Bb3 31. Kf1 Qb2 32. Be1 Ra2 33. Bf3 Bc2 34. Kg2 Bd3
35. Kg1 Bh8 36. Kh1 Be5 37. Kg1 Kg7 38. Kh1 Kh7 39. Kg1 Kg7 40. Kh1 Kg8 41. Kg1
h4 42. Kg2 Ra1 43. Rxa1 Qxa1 44. Qd2 Bf4 45. Qxf4 Qxe1 46. Qxh4 Qxc3 47. Qf4
Qe1 0-1

[Event "Torneo A"]
[Site "Formia ITA"]
[Date "1995.07.??"]
[Round "?"]
[White "Kovacevic, Blazimir"]
[Black "Djuric, Stefan"]
[Result "0-1"]
[WhiteElo "2340"]
[BlackElo "2470"]
[PlyCount "96"]
[EventDate "1995.07.20"]

1. d4 Nf6 2. c4 e6 3. Nf3 b6 4. g3 Bb7 5. Bg2 Bb4+ 6. Bd2 Be7 7. O-O O-O 8. Nc3
d5 9. Ne5 c6 10. Bf4 Nfd7 11. cxd5 cxd5 12. e4 Nxe5 13. Bxe5 dxe4 14. Nxe4 Bd5
15. Qg4 g6 16. Qf4 f6 17. Bc7 Qd7 18. Bxb8 Raxb8 19. Nc3 Bxg2 20. Kxg2 b5 21.
Qe3 f5 22. d5 b4 23. Ne2 Qxd5+ 24. Kg1 Bc5 25. Qh6 e5 26. Rad1 Qxa2 27. Rd7 Rf7
28. Rfd1 Qe6 29. Rxf7 Qxf7 30. Qc1 Rc8 31. Qd2 a5 32. Qd3 Bf8 33. Qb5 Rc5 34.
Qb8 Qe7 35. Rd8 Kf7 36. Qa8 f4 37. Rb8 Kg8 38. Re8 Qf7 39. gxf4 exf4 40. f3 Kg7
41. Re4 Qd7 42. Nd4 Rc8 43. Ne6+ Kg8 44. Qa6 Qd1+ 45. Kf2 Rc2+ 46. Re2 Rxe2+
47. Qxe2 Qxe2+ 48. Kxe2 a4 0-1

[Event "Torneo A"]
[Site "Formia ITA"]
[Date "1995.07.??"]
[Round "?"]
[White "Kovacevic, Blazimir"]
[Black "Klinova, Masha"]
[Result "1-0"]
[WhiteElo "2340"]
[BlackElo "2265"]
[PlyCount "71"]
[EventDate "1995.07.20"]

1. d4 d6 2. Nf3 Nf6 3. c4 g6 4. Nc3 Bg7 5. e4 O-O 6. Be2 e5 7. O-O Nbd7 8. d5
a5 9. Ne1 Nc5 10. Qc2 Ne8 11. Nd3 b6 12. Bd2 f5 13. Nxc5 dxc5 14. f3 Rf7 15. a3
Bf8 16. b3 f4 17. Nd1 h5 18. Nf2 Bd6 19. Qb2 g5 20. Bc3 Qf6 21. b4 axb4 22.
axb4 Rxa1 23. Rxa1 Rg7 24. bxc5 bxc5 25. Ra8 Bd7 26. Nd3 Re7 27. h3 Kh7 28. Bd1
g4 29. fxg4 Qg5 30. Nf2 Nf6 31. gxh5 Rg7 32. Bf3 Nxh5 33. Qb8 Nf6 34. h4 Qg3
35. Qh8+ Kg6 36. Kh1 1-0

[Event "Torneo A"]
[Site "Formia ITA"]
[Date "1995.07.??"]
[Round "?"]
[White "Kovacevic, Blazimir"]
[Black "Tatai, Stefano"]
[Result "1/2-1/2"]
[WhiteElo "2340"]
[BlackElo "2435"]
[PlyCount "59"]
[EventDate "1995.07.20"]

1. d4 Nf6 2. c4 e6 3. Nf3 d5 4. Nc3 Bb4 5. Bg5 Nbd7 6. cxd5 exd5 7. Qc2 c5 8.
dxc5 Qa5 9. Bd2 Qxc5 10. a3 Bxc3 11. Qxc3 Ne4 12. Qxc5 Ndxc5 13. Rd1 Nxd2 14.
Rxd2 Be6 15. e3 Rc8 16. Nd4 Ne4 17. Rd1 Ke7 18. Bd3 a6 19. Ke2 Rc7 20. Rc1 Rhc8
21. Rxc7+ Rxc7 22. Bxe4 dxe4 23. Kd2 Kd6 24. Rc1 Rxc1 25. Kxc1 g6 26. Kd2 Bc4
27. Kc3 Kd5 28. g3 a5 29. Nc2 b6 30. Nd4 1/2-1/2

[Event "Torneo A"]
[Site "Formia ITA"]
[Date "1995.07.??"]
[Round "?"]
[White "Lanzani, Mario"]
[Black "Contin, Daniel"]
[Result "1-0"]
[WhiteElo "2330"]
[BlackElo "2365"]
[PlyCount "51"]
[EventDate "1995.07.20"]

1. e4 e6 2. d4 d5 3. Nc3 Bb4 4. exd5 exd5 5. Bd3 Nc6 6. a3 Be7 7. Bf4 a6 8.
Nge2 Bf6 9. Qd2 Nge7 10. Bg5 Qd6 11. Bxf6 Qxf6 12. Qf4 Qxf4 13. Nxf4 Be6 14.
Nce2 O-O-O 15. Nxe6 fxe6 16. f4 h6 17. O-O Rdf8 18. c3 Rf6 19. Rae1 Rhf8 20. g3
Kd7 21. Nc1 a5 22. Be2 b6 23. Nd3 Nc8 24. Bg4 Nd6 25. Ne5+ Nxe5 26. dxe5 1-0

[Event "Torneo A"]
[Site "Formia ITA"]
[Date "1995.07.??"]
[Round "?"]
[White "Lanzani, Mario"]
[Black "Sulava, Nenad"]
[Result "1/2-1/2"]
[WhiteElo "2330"]
[BlackElo "2390"]
[PlyCount "20"]
[EventDate "1995.07.20"]

1. e4 c5 2. Nf3 e6 3. d4 cxd4 4. Nxd4 Nf6 5. Nc3 Nc6 6. Ndb5 d6 7. Bf4 e5 8.
Bg5 a6 9. Na3 b5 10. Nd5 Be7 1/2-1/2

[Event "Torneo A"]
[Site "Formia ITA"]
[Date "1995.07.??"]
[Round "?"]
[White "Malaniuk, Vladimir P."]
[Black "Dizdarevic, Emir"]
[Result "1-0"]
[WhiteElo "2580"]
[BlackElo "2500"]
[PlyCount "71"]
[EventDate "1995.07.20"]

1. d4 Nf6 2. c4 e6 3. Nf3 Bb4+ 4. Nbd2 O-O 5. a3 Bxd2+ 6. Bxd2 d6 7. Qc2 Qe7 8.
Bc3 c5 9. dxc5 dxc5 10. e4 Nfd7 11. e5 Rd8 12. O-O-O Nf8 13. Rxd8 Qxd8 14. Bd3
Bd7 15. h4 h6 16. Nd2 Bc6 17. Ne4 Nbd7 18. f4 Ng6 19. g3 Ne7 20. Rd1 Qc7 21. g4
Rd8 22. h5 b6 23. Nd6 Nf8 24. Qf2 Nc8 25. g5 hxg5 26. fxg5 Qe7 27. Qf4 Ba4 28.
Rd2 Nxd6 29. exd6 Rxd6 30. Qe5 f5 31. gxf6 gxf6 32. Qxd6 Qxd6 33. Bh7+ Kxh7 34.
Rxd6 Kg7 35. Rd8 Nd7 36. b3 1-0

[Event "Torneo A"]
[Site "Formia ITA"]
[Date "1995.07.??"]
[Round "?"]
[White "Malaniuk, Vladimir P."]
[Black "Godena, Michele"]
[Result "1-0"]
[WhiteElo "2580"]
[BlackElo "2420"]
[PlyCount "73"]
[EventDate "1995.07.20"]

1. d4 d5 2. c4 e6 3. e3 Nf6 4. Nf3 Nbd7 5. Nc3 c6 6. Qc2 Bd6 7. Bd2 a6 8. e4 e5
9. O-O-O O-O 10. Bg5 exd4 11. Nxd4 h6 12. Bh4 dxe4 13. Nxe4 Be5 14. Nf3 Qa5 15.
Kb1 Nxe4 16. Qxe4 Bf6 17. Bd3 g6 18. Bc2 Bg7 19. Be7 Re8 20. Bb4 Qd8 21. Qd3
Qb6 22. Bc3 Nc5 23. Qd2 Bxc3 24. Qxc3 Bg4 25. h3 Bxf3 26. Qxf3 Qb4 27. Qf4 Re2
28. a3 Qb6 29. Qd4 a5 30. Rhe1 Rae8 31. Rxe2 Rxe2 32. Qf6 Ne6 33. f3 Qc5 34.
Rd7 Re1+ 35. Ka2 Qxc4+ 36. Bb3 Qf4 37. Rd8+ 1-0